000 00513nam a22001457a 4500
005 20180216112920.0
008 180216b xxu||||| |||| 00| 0 eng d
040 _cPK-LaUMT
082 _aPKAC 323.042094
_bTEH-M
100 _aTehseen Faraqi
245 _aMaghrabi jamooriyat ahle maghrib ki nazar mein(مغربی جمہوریت اہل مغرب کی نظر میں)/
_cTehseen Faraqi
260 _aلاہور:
_bمرکز تحقیق دیال سنگھ ٹرسٹ لایبریری
_c1983
300 _a79
942 _cBK
999 _c103416
_d103416